000 00616nam a2200181Ia 4500
008 090124s9999 xx 000 0 und d
082 _b28536
_a554
100 _aघाणेकर मधुसूदन
245 _a हस्ताक्षरांचे अंतरंग
250 _a1
260 _c1996
300 _a132
600 _aघाणेकर मधुसूदन
630 _a हस्ताक्षरांचे अंतरंग
700 _aघाणेकर मधुसूदन
730 _a हस्ताक्षरांचे अंतरंग
942 _cBOOK
999 _c141992
_d141992